Quiz-Champion: Film und Fersehen - Statistiken

Allgemein
  • Dieses Quiz wurde 144 mal gespielt
    127 seit der letzten Aktualisierung
  • Das Durchschnittsergebnis liegt bei 10 aus 15
Antwortstatistiken
Frage Antwort % Korrekt
Ein beliebter Schauspieler, dessen Sohn und dessen Tochter spielen tragende Rollen als Vater, Sohn und Schwiegertochter Die Schwarzwaldklinik
100%
Fragt Mitchell seine Schwester Claire, ob ihr Sohn Luke auf seine Adoptivtochter Lily aufpassen kann, befinden wir uns in der Serie ...? Modern Family
100%
Wer sucht al Dr. Quincy in einer Krimiserie der siebziger und achtziger Jahre den Ursachen verdächtiger Todesfälle? Jack Klugman
83%
Bei den "Gilmore Girls" entspinnt sich eine staffelübergreifende Liebesgeschichte zwischen ...? Lorelai und Luke
83%
Welche Comedienne macht sich als Tina Hausten, Mandy Hausten oder Dörte Hausten regelmäßig lustig über die aktuelle Politik? Martina Hill
83%
In der Serie "Modern Family" spielt Al-Dundy-Darsteller Ed O'Neill den Chef eines Familienunternehmens, das ... ? Wandschränke herstellt
83%
Auf welches Geräusch griffen die "Jurassic Park"-Macher zurück, um den Ruf des furchterregenden Velociraptors nachzuahmen? Ausrufe von sich paarenden Schildkröten
67%
Die Schauspielerfamilie Oehmichen bereicherte für viele Kinder das Fernsehprogramm, denn sie ...? gründete 1948 die "Augsburger Puppenkiste"
67%
In "Pretty Woman" liegt die von Julia Roberts gespielte Vivian mit Kopfhörern in der Badewanne und singt lauthals mit zu ...? "Kiss" von Prince
67%
Wenn Captain Picard bei "Star Trek" Lust auf sein Lieblingsgetränk hat, dann sagt er zu einem Gerät namens Replikator einfach: ... ? Tee, Earl Grey, heiß!
67%
In Loriots "Ödipussi" lernen sich Paul Winkelmann und seine spätere Liebschaft Margarethe Tietze kennen, als er gerade ...? Unterhosen kaufen möchte
67%
Welches Komiker-Duo begeisterte mit Filmen wie "Der Prügelknabe" und "Der Tollpatsch" das Kinopublikum der fünfziger Jahre? Dean Martin und Jerry Lewis
50%
Auf dem Höhepunkt seiner Karriere spielte Showmaster Wim Thoelke ein ganz besonderes Musikalbum ein, und zwar ...? "Ich pfeif' euch was" auf der Blockflöte
50%
Am 1. Juni 1980 gab es in der Bundesrepublik Deutschland ...? den Start des ARD/ZDF-Videotextes
33%
Eine international ausgezeichnete Miniserie unter der Regie von Maria Schrader spielt in New York und Berlin und trägt den Titel ...? Unorthodox
33%
Keine übereinstimmenden Quizze gefunden
Verteilung der Resultate
Anzahl Personen mit jedem Resultat
Perzentil nach korrekt beantworteten Fragen
Ihre Resultats-Entwicklung
Sie haben dieses Quiz seit der letzten Aktualisierung nicht gespielt